| 000 | 00502nam a2200193Ia 4500 | ||
|---|---|---|---|
| 005 | 20140311163142.0 | ||
| 008 | 140130s9999 xx 000 0 und d | ||
| 020 | _a0717285863 | ||
| 050 |
_aBF 723.A4 _b.B485 2005 |
||
| 100 |
_aBerry, Joy _931469 |
||
| 245 |
_cBerry, Joy _aA book about throwing tantrums / |
||
| 260 |
_bScholastic, _c2005 _aNew York : |
||
| 300 |
_a1 v. (unpaged) : _bcol. ill. ; _c19 cm. |
||
| 440 | _v1 | ||
| 521 | _aG1 | ||
| 526 | _c220 | ||
| 942 |
_cBK _2lcc |
||
| 999 |
_c41962 _d41962 |
||